Estadísticas para Las ciudades más grandes de Rusia • A-Z

Haz click aquí para tomar la prueba!

Estadísticas generales

  • Esta prueba ha sido tomada 69 veces
  • La puntuación promedio es 7 de 21

Estadísticas de respuestas

#PoblaciónCiudad rusa% Correcto
M12,380,664Moscú
100%
S5,281,579San Petersburgo
91%
O1,178,391Omsk
59%
R1,125,299Rostov del Don
56%
K1,231,878Kazán
54%
N1,602,915Novosibirsk
43%
V1,021 244Volgogrado
43%
E1,455,514Ekaterinburgo
41%
U1,115,560Ufa
41%
P1,048,005Perm
39%
C1,198,858Chelyabinsk
26%
T744,554Tiumén
24%
Y591 486Yaroslavl
24%
A532,504Astracán
19%
B633,301Barnaul
11%
G291,687Grozni
9%
I646,277Izhevsk
7%
L510,439Lípetsk
4%
D231,797Dzerzhinsk
2%
F55 369Friázino
2%
Z167,978Zlatoust
2%

Distribución de puntuación

Porcentaje por número respondido

Porcentaje de gente con cada puntuación

Historial de tus puntuaciones

No has tomado esta prueba